Poznámky k subvenčnej politike.
Dve základné formy doteraz poskytovaných dotácií do poľnohospodárstva. Pravidlá, podľa ktorých sa bude realizovať subvencovanie už v roku 1991. Priame subvencie, poskytované na vecné merateľné jednotky a nepriame subvencie poskytované vo väzbe na iný základ. Možnosti poskytovania lacnejších úverov a...
Guardado en:
| Autor principal: | |
|---|---|
| Formato: | Capítulo de libro |
| Lenguaje: | eslovaco |
| Materias: | |
| Etiquetas: |
Sin Etiquetas, Sea el primero en etiquetar este registro!
|
MARC
| LEADER | 00000naa a2200000 4500 | ||
|---|---|---|---|
| 001 | r004244 | ||
| 005 | 20221125075857.0 | ||
| 041 | 0 | |a slo | |
| 044 | |a [CS] | ||
| 245 | 1 | 0 | |a Poznámky k subvenčnej politike. |c P. Vašek |
| 520 | |a Dve základné formy doteraz poskytovaných dotácií do poľnohospodárstva. Pravidlá, podľa ktorých sa bude realizovať subvencovanie už v roku 1991. Priame subvencie, poskytované na vecné merateľné jednotky a nepriame subvencie poskytované vo väzbe na iný základ. Možnosti poskytovania lacnejších úverov a garancií za poskytnutý úver. | ||
| 610 | 2 | 0 | |a dotácie |
| 610 | 2 | 0 | |a subvencie |
| 610 | 2 | 0 | |a poľnohospodárstvo |
| 610 | 2 | 0 | |a úver |
| 610 | 2 | 0 | |a predpisy právne |
| 610 | 2 | 0 | |a ČSFR |
| 100 | 1 | |a Vašek, P. | |